2023 World Cup Of Darts Team Lineups - Statistics

General Stats
  • This quiz has been taken 83 times
  • The average score is 32 of 80
Answer Stats
Nation Players % Correct
England (1) Michael Smith
96%
Canada (12) Jeff Smith
94%
Wales (2) Gerwyn Price
93%
Scotland (4) Peter Wright
91%
Scotland (4) Gary Anderson
88%
Wales (2) Jonny Clayton
88%
Northern Ireland (8) Brendan Dolan
83%
Australia (7) Damon Heta
83%
England (1) Rob Cross
83%
Australia (7) Simon Whitlock
83%
Belgium (5) Dimitri Van den Bergh
81%
Germany (6) Martin Schindler
78%
Netherlands (3) Danny Noppert
75%
Germany (6) Gabriel Clemens
74%
Northern Ireland (8) Daryl Gurney
72%
Belgium (5) Kim Huybrechts
70%
Austria (10) Rowby-John Rodriguez
70%
Ireland (9) William O'Connor
70%
Poland (11) Krzysztof Ratajski
68%
Netherlands (3) Dirk van Duijvenbode
67%
Portugal Jose de Sousa
67%
Latvia (15) Madars Razma
64%
Austria (10) Mensur Suljovic
64%
Singapore Paul Lim
59%
Singapore Harith Lim
58%
Croatia Boris Krcmar
57%
Ireland (9) Keane Barry
55%
Canada (12) Matt Campbell
55%
France Thibault Tricole
52%
Czech Republic (13) Adam Gawlas
51%
Czech Republic (13) Karel Sedlacek
48%
Lithuania Darius Labanauskas
46%
South Africa Devon Petersen
46%
United States Jules van Dongen
41%
Spain (14) Jose Justicia
39%
Poland (11) Krzysztof Kciuk
39%
Finland Marko Kantele
39%
New Zealand Ben Robb
36%
United States Leonard Gates
36%
Hong Kong Man Lok Leung
36%
Switzerland (16) Stefan Bellmont
35%
Philippines Lourence Ilagan
33%
Denmark Benjamin Drue Reus
30%
Philippines Christian Perez
30%
France Jacques Labre
30%
Denmark Vladimir Andersen
29%
Guyana Normal Madhoo
26%
Japan Tomoya Goto
23%
Italy Michele Turetta
22%
India Prakash Jiwa
22%
Spain (14) Tony Martinez
22%
Lithuania Mindaugas Barauskas
20%
Sweden Oskar Lukasiak
20%
Ukraine Vladyslav Omelchenko
20%
Bahrain Abdulnaser Yusuf
19%
Sweden Dennis Nilsson
19%
Hungary Patrik Kovacs
19%
China Zong Xiaochen
17%
Gibraltar Justin Hewitt
16%
Switzerland (16) Marcel Walpen
14%
Italy Massimo Dante
14%
Bahrain Bassim Mahmood
13%
Guyana Sudesh Fitzgerald
13%
Gibraltar Craig Galliano
12%
New Zealand Warren Parry
12%
Latvia (15) Dmitrijs Žukovs
9%
China Lihao Wen
9%
Hong Kong Lee Lok Yin
7%
Portugal Luis Ameixa
7%
South Africa Vernon Bouwers
7%
India Amit Gilitwala
6%
Hungary Levente Sarai
6%
Finland Paavo Myller
6%
Iceland Vitor Charrua
6%
Iceland Hallgrimur Egilsson
4%
Japan Jun Matsuda
4%
Thailand Attapol Eupakaree
3%
Thailand Thanawat Gaweenuntawong
3%
Croatia Romeo Grabavac
3%
Ukraine Ilya Pekaruk
1%
No matching quizzes found
Score Distribution
Percent of People with Each Score
Percentile by Number Answered
Your Score History
You have not taken this quiz